La utilización del espacio exterior y las comunicaciones: nuevas perspectivas y problemas

Պահպանված է:
Մատենագիտական մանրամասներ
Հիմնական հեղինակ: Infante Caffi, María Teresa (autora)
Այլ հեղինակներ: Irigoin Barrenne, Jeannette Albertina (autora)
Ձևաչափ: Գիրք
Լեզու:իսպաներեն
Հրապարակվել է: Santiago, Chile Instituto de Estudios Internacionales 1984
Շարք:Estudios Internacionales
Խորագրեր:
Ցուցիչներ: Ավելացրեք ցուցիչ
Չկան պիտակներ, Եղեք առաջինը, ով նշում է այս գրառումը!

MARC

LEADER 00000nam a2200000 a 4500
001 UCV0482
003 CL-VaPUC
005 20240510135904.0
008 880928e19840000CL |||||||||||||||||spa|d
999 |c 208921  |d 208919 
040 |c Pontificia Universidad Católica de Valparaíso 
082 0 4 |a 341.47 INF 1984  |2 21 
100 |a Infante Caffi, María Teresa  |e autora  |9 452098 
245 1 3 |a La utilización del espacio exterior y las comunicaciones: nuevas perspectivas y problemas 
260 |a Santiago, Chile   |b Instituto de Estudios Internacionales  |c 1984 
300 |a 320 páginas  
440 |a Estudios Internacionales  |9 856896 
583 |a last modification  |c 19880928 00:00:00  |k Rodrigo Vera 
650 7 |a ESPACIO AEREO DERECHO INTERNACIONAL  |2 CL-VaPUC  |9 255221 
650 7 |a ESPACIO EXTERIOR  |2 CL-VaPUC  |9 255222 
650 7 |a SATELITES ARTIFICIALES EN TELECOMUNICACION  |2 CL-VaPUC  |9 255223 
700 |a Irigoin Barrenne, Jeannette Albertina  |e autora  |9 382115 
852 |a BIBCUR 
942 |c BK  |2 ddc 
945 |d 19880928 00:00:00 
952 |0 0  |1 0  |4 0  |6 341_470000000000000_INF_1984  |7 0  |8 A  |9 183926  |a BIBDER  |b BIBDER  |d 2019-11-14  |i 2508478  |o 341.47 INF 1984  |p 2508478  |r 2023-01-25  |w 2019-11-14  |y BK  |k DER